Lý luận dạy học đại học Giáo trình dùng cho SV và cán bộ quản lý giáo dục, học viên cao học

Trình bày lí luận dạy đại học như là một bộ môn của khoa học giáo dục hịên đại; Quá trình dạy học đại học, qui luật và hệ thống các nguyên tắc dạy học đại học; Nội dung dạy và các phương pháp dạy...

Wedi'i Gadw mewn:
Manylion Llyfryddiaeth
Prif Awdur: Đặng Vũ Hoạt
Awduron Eraill: Hà Thị Đức (Tác giả)
Fformat: Llyfr
Iaith:Vietnamese
Cyhoeddwyd: H. Đại học Sư phạm 1996
Pynciau:
Tagiau: Ychwanegu Tag
Dim Tagiau, Byddwch y cyntaf i dagio'r cofnod hwn!
Thư viện lưu trữ: Mạng thư viện Đại học Đà Nẵng
LEADER 01479nam a2200349 4500
001 000015220
003 11596
005 20120523100558.0
008 120523s1996 viesd
020 |c 12500đ 
041 0 |a vie 
082 |a 378.007  |b ĐĂ-H 
100 0 |a Đặng Vũ Hoạt 
245 0 |a Lý luận dạy học đại học  |b Giáo trình dùng cho SV và cán bộ quản lý giáo dục, học viên cao học  |c B.s.: Đặng Vũ Hoạt (ch.b), Hà Thị Đức 
260 |a H.  |b Đại học Sư phạm  |c 1996 
300 |a 161 tr.  |c 21 cm 
520 |a Trình bày lí luận dạy đại học như là một bộ môn của khoa học giáo dục hịên đại; Quá trình dạy học đại học, qui luật và hệ thống các nguyên tắc dạy học đại học; Nội dung dạy và các phương pháp dạy... 
650 |a Lí luận 
653 |a Đại học 
653 |a Phương pháp giảng dạy 
653 |a Giáo dục 
700 |a Hà Thị Đức  |e Tác giả 
OWN |a LSP 
AVA |a UDN50  |b LSP  |d 378.007 ĐĂ-H  |e available  |t Error 5001 Not defined in file expand_doc_bib_avail.  |f 1  |g 0  |h N  |i 0  |k 1 
999 |a From the UDN01 
AVA |a UDN50  |b LSP  |d 378.007 ĐĂ-H  |e available  |t Error 5001 Not defined in file expand_doc_bib_avail.  |f 1  |g 0  |h N  |i 0  |k 1 
TYP |a Monograph 
TYP |a Printed language 
980 |a Mạng thư viện Đại học Đà Nẵng